| 000 | 00805nam a2200229 a 4500 | ||
|---|---|---|---|
| 001 | 000035860 | ||
| 005 | 20200930074655.0 | ||
| 008 | 111115s1964 fr ab 000 0 fre d | ||
| 040 |
_aDO-SdBNP _bspa _cBNPHU |
||
| 082 |
_a909.82 _bP113m |
||
| 100 | 1 |
_aPacaut, Marcel _961841 |
|
| 245 | 1 | 3 |
_aLe monde contemporain 1945-1963 / _cMarcel Pacaut, Paul M. Bouju. |
| 260 |
_aParis : _bLibrairie Armand Colin, _c1964. |
||
| 300 |
_a295 p. : _bil., mapa. ; _c24 cm. |
||
| 490 | 1 |
_aColection U _aHistoire contemporaine |
|
| 590 | _aPerteneció a la biblioteca personal de Juan Isidro Jimenes Grullón | ||
| 650 | 4 |
_aHistoria moderna _y1945-1989 _923750 |
|
| 700 | 1 | 2 |
_aBouju, Paul M. _961842 |
| 830 | 0 |
_aCollection U _961843 |
|
| 830 | 0 |
_aHistoire contemporaine _961538 |
|
| 910 | _aValidado. Control de calidad MFF | ||
| 999 |
_c35351 _d35351 |
||